Efektivnost práce s lidským potenciálem

Skúmanie finančnej a nefinančnej náročnosti funkčného systému riadenia ľudských zdrojov. Hodnotenie efektívnosti vo vybraných oblastiach personálnej práce a vyjadrenie ich nákladov a prínosov. Oblasť profilovania potenciálnych a stabilizovaných zamestnancov. Akvizícia zamestnancov. Motivácia zamestn...

Full description

Saved in:
Bibliographic Details
Main Author: Blašková, Martina
Format: Book Chapter
Language:Czech
Subjects:
Tags: Add Tag
No Tags, Be the first to tag this record!

MARC

LEADER 00000naa a2200000 4500
001 r044563
005 20231002103923.5
041 0 |a cze 
044 |a CZ 
245 1 0 |a Efektivnost práce s lidským potenciálem  |c Martina Blašková 
520 |a Skúmanie finančnej a nefinančnej náročnosti funkčného systému riadenia ľudských zdrojov. Hodnotenie efektívnosti vo vybraných oblastiach personálnej práce a vyjadrenie ich nákladov a prínosov. Oblasť profilovania potenciálnych a stabilizovaných zamestnancov. Akvizícia zamestnancov. Motivácia zamestnancov. Ukončenie pracovného pomeru a fluktuácia. Hodnotenie výkonnosti zamestnanca alebo riadiaceho pracovníka. 
610 2 0 |a zdroje ľudské 
610 2 0 |a riadenie personálne 
610 2 0 |a výkony pracovné 
610 2 0 |a stabilizácia pracovníkov 
610 2 0 |a motivácia pracovná 
610 2 0 |a náklady personálne 
100 1 |a Blašková, Martina